000 01408nam a2200349 a 4500
001 ebr10598441
003 CaPaEBR
006 m u
007 cr cn|||||||||
008 861110s1984 ne a sb 000 0 eng d
020 _z9070176971 (pbk.)
020 _z907017698X (hard)
020 _z9783110130331
020 _z9783110864465 (e-book)
040 _aCaPaEBR
_cCaPaEBR
035 _a(OCoLC)823663242
050 1 4 _aPL8025.1
_b.A88 1984eb
082 0 4 _a496/.39
_219
245 0 0 _aAutosegmental studies in Bantu tone
_h[electronic resource] /
_cG.N. Clements and J. Goldsmith (eds.).
260 _aDordrecht, Holland ;
_aCinnaminson N.J., U.S.A. :
_bForis Publications,
_c1984.
300 _a347 p. :
_bill.
440 0 _aPublications in African languages and linguistics ;
_v3
504 _aIncludes bibliographical references (p. [341]-347).
533 _aElectronic reproduction.
_bPalo Alto, Calif. :
_cebrary,
_d2011.
_nAvailable via World Wide Web.
_nAccess may be limited to ebrary affiliated libraries.
650 0 _aBantu languages
_xTone.
650 0 _aBantu languages
_xPhonology, Comparative.
655 7 _aElectronic books.
_2local
700 1 _aClements, George N.
700 1 _aGoldsmith, John A.,
_d1951-
710 2 _aebrary, Inc.
856 4 0 _uhttp://site.ebrary.com/lib/rucke/Doc?id=10598441
_zAn electronic book accessible through the World Wide Web; click to view
999 _c109737
_d109737